Najbliższe miasto wojewódzkie dla wskazanej miejscowości - Statystyki

Ogólne statystyki
  • Ten quiz został rozwiązany 427 razy
  • Średni wynik to 9 z 13
Statystyki odpowiedzi
Hint Odpowiedź % Poprawnych
Elbląg Gdańsk
86%
Radom Kielce
82%
Płock Toruń
79%
Sandomierz Rzeszów
75%
Szczecinek Bydgoszcz
71%
Piła Bydgoszcz
70%
Mława Olsztyn
70%
Turek Łódż
69%
Głogów Zielona Góra
69%
Opoczno Kielce
68%
Rawicz Wrocław
64%
Wieluń Opole
60%
Zwoleń Lublin
52%
Nie znaleziono quizów pasujących do podanych kryteriów
Rozkład punktacji
Procent ludzi z każdym wynikiem
Percentyl według liczby udzielonych odpowiedzi
Twoja historia wyników
Nie rozwiązałeś tego quizu